Statistiken für Fußball: Alle deutschen Nationalspieler von Bayer Leverkusen ab 2000

Klicken Sie hier um das Quiz zu spielen!

Allgemein

  • Dieses Quiz wurde 83 mal gespielt
  • Das Durchschnittsergebnis liegt bei 16 aus 36

Antwortstatistiken

DebütAnzahl
Länderspiele
insgesamt
Spieler% Korrekt
202116Florian Wirtz
96%
201622Jonathan Tah
93%
20076Stefan Kießling
85%
1999*98Michael Ballack
82%
20233Robert Andrich
79%
201844Kai Havertz
76%
199981Bernd Schneider
65%
20159Bernd Leno
62%
2010108Toni Kroos
62%
2020*27Jonas Hofmann
61%
199251Ulf Kirsten
61%
201647Julian Brandt
59%
201119Lars Bender
55%
200726Simon Rolfes
54%
200812René Adler
49%
201411Karim Bellarabi
46%
200446Carsten Ramelow
42%
2000*4Jörg Butt
39%
1998*69Oliver Neuville
38%
200648Jens Nowotny
37%
2014*15Kevin Volland
37%
2007*13Patrick Helmes
32%
20075Gonzalo Castro
27%
20135Sydney Sam
27%
2010*57André Schürrle
25%
2014*12Christoph Kramer
23%
2006*9Manuel Friedrich
23%
199813Paulo Rink
20%
20103Stefan Reinartz
20%
201614Benjamin Henrichs
18%
20028Thomas Brdaric
18%
20132Phillip Wollscheid
15%
20031Hanno Balitsch
10%
19985Stefan Beinlich
10%
2002*19Paul Freier
7%
2002*3Daniel Bierofka
1%

Verteilung der Resultate

Perzentil nach korrekt beantworteten Fragen

Anzahl Personen mit jedem Resultat

Ihre Resultats-Entwicklung

Sie haben dieses Quiz noch nicht gespielt